000 00480nam a2200181Ia 4500
005 20250423094323.0
008 250422s9999 xx 000 0 und d
020 _a9781609136475
050 _aGV 482.6 .C46/
100 _aChodzko-Zajko J. Wojtek
245 0 _aACSM's exercise for older adults
260 _a New York
260 _bWolters Kluwer
260 _c2014
300 _a236 p
650 _aExercise for older people. Aging--Physiological aspects.
942 _cBK
999 _c26901
_d26901